Gaming Quiz

Random Gaming or Mario Quiz
Score 0/50 Timer 10:00
0 Plays Today
Hint Answer % Correct
Mario
98.3%
Baby Mario
98.3%
Metal Mario
98.3%
Tanooki Mario
98.3%
Luigi
96.6%
Baby Luigi
96.6%
Peach
94.9%
Baby Peach
94.9%
Cat Peach
94.9%
Pink Gold Peach
94.9%
Bowser
92.3%
Dry Bowser
92.3%
Yoshi
90.6%
Wario
89.7%
Daisy
88%
Toad
88%
Baby Daisy
88%
Waluigi
86.3%
Koopa
82.1%
Diddy Kong
81.2%
Toadette
78.6%
Baby Rosalina
78.6%
Rosalina
77.8%
Bowser Jr.
76.1%
Donkey Kong Jr.
70.9%
Hint Answer % Correct
Birdo
69.2%
King Boo
68.4%
Link
68.4%
Dry Bones
65.8%
Funky Kong
65.8%
Shy Guy
61.5%
Roy
60.7%
Iggy
57.3%
Wendy
57.3%
Ludwig
57.3%
Lemmy
56.4%
Morton
56.4%
Larry
55.6%
Isabelle
52.1%
Mii
50.4%
Petey Piranha
48.7%
Lakitu
48.7%
Paratroopa
47%
Wiggler
45.3%
R.O.B.
44.4%
Inkling Girl
39.3%
Inkling Boy
39.3%
Queen Bee
29.9%
Villager Boy
29.1%
Villager Girl
28.2%
Remove Ads.
Support Sporcle.
Get the best of Sporcle when you Go Orange. This ad-free experience offers more features, more stats, and more fun while also helping to support Sporcle. Thank you for becoming a member.

You're not logged in!

Compare scores with friends on all Sporcle quizzes.
OR
Log In

Show Comments

Extras

Top Quizzes Today


Score Distribution

Your Account Isn't Verified!

In order to create a playlist on Sporcle, you need to verify the email address you used during registration. Go to your Sporcle Settings to finish the process.

Report this User

Report this user for behavior that violates our Community Guidelines.

Details: